000 01502nam a22004337a 4500
001 0065366
003 KOHA_MİRAKIL
005 20260207004558.0
007 ta
008 200206b2009 tu a|||gr||||#0|||0|tur |
020 _a9789754585780
040 _aTR-BiSEU
_btur
_cTR-BiSEU
_erda
041 0 _atur
044 _ctu
050 _aR643.S29
_bG86 2009
100 1 _aSaylan, Türkan.
245 1 _aGüneş umuttan şimdi doğar :
_bTürkan Saylan kitabı/
_cTürkan Saylan ; Türkan Saylan ; söyleşi Mehmet Zaman Saçlıoğlu.
250 _a9. baskı
264 1 _aİstanbul :
_bTürkiye İş Bankası Kültür Yayınları
_c2009
300 _a546 sayfa :
_bresimli ;
_c20 cm.
336 _ametin
_btxt
_2rdacontent
337 _aaracısız
_bn
_2rdamedia
338 _acilt
_bnc
_2rdacarrier
490 1 _aTürkiye İş Bankası Kültür Yayınları Genel Yayın ;
_v815.
490 1 _a Nehir Söyleşi ;
_v11
500 _aDizin var.
650 0 _aSaylan, Türkan, 1935-
_9122685
650 0 _aSöyleşiler.
_994507
650 0 _aTıp doktorları.
_9122686
650 0 _aTürk--Söyleşiler.
_9122687
650 0 _aMedicine--Biography
_971256
650 0 _aPhysicians--Turkey--Interviews.
_9122688
650 0 _aSaylan, Türkan, 1935-.
_9122685
650 0 _aMedicine--Turkey--History.
_912268
830 1 _aTürkiye İş Bankası Kültür Yayınları Genel Yayın ;
_v815.
_919444
830 1 _a Nehir Söyleşi ;
_v11
_964256
907 _aSağlık
942 _2lcc
_cBK
999 _c65700
_d65700